Pi Speedrun - Statistics

General Stats
  • This quiz has been taken 2,220 times
  • The average score is 17 of 45
Answer Stats
Number Digit % Correct
1 1
100%
2 4
91%
3 1
85%
4 5
80%
5 9
74%
6 2
69%
7 6
66%
8 5
62%
9 3
58%
10 5
56%
11 8
52%
12 9
50%
13 7
48%
14 9
46%
15 3
43%
16 2
42%
17 3
42%
18 8
40%
19 4
38%
20 6
36%
21 2
35%
22 6
33%
23 4
32%
24 3
31%
25 3
29%
26 8
28%
27 3
27%
28 2
26%
29 7
24%
30 9
23%
31 5
22%
32 0
21%
33 2
19%
34 8
18%
35 8
18%
37 1
17%
36 4
17%
40 1
16%
39 7
16%
38 9
16%
41 6
15%
42 9
15%
43 3
14%
44 9
14%
45 9
13%
No matching quizzes found
Score Distribution
Percent of People with Each Score
Percentile by Number Answered
Your Score History
You have not taken this quiz